MARC

LEADER 00000nam0a2200000 4500
001 249132
005 20231101232440.0
020 |a RU  |b 81-43838 
035 |a (RuTPU)RU\TPU\book\271150 
090 |a 249132 
100 |a 20140131d1981 k y0rusy5003 ca 
101 0 |a rus 
102 |a RU 
105 |a a z 101zy 
200 1 |a Самородное минералообразование в магматическом процессе  |e тезисы докладов  |f Редкол.: В. В. Ковальский (отв. ред.) и др.] 
210 |a Якутск  |c Изд-во Якутского фил. СО АН СССР  |d 1981 
215 |a 208 с.  |c ил. 
606 1 |a Геологические формации, магматические  |2 stltpush  |3 (RuTPU)RU\TPU\subj\6087  |9 34047 
610 1 |a минералообразование 
610 1 |a магматизм 
610 1 |a самородные минералы 
610 1 |a самородные элементы 
610 1 |a интерметаллиды 
610 1 |a рудогенез 
610 1 |a конференции 
675 |a 552.3(063)  |z rus 
702 1 |a Ковальский  |b В. В.  |4 340 
712 0 2 |a Академия наук СССР (АН СССР)  |b Сибирское отделение (СО)  |b Якутский филиал (ЯФ)  |b Институт геологии  |2 stltpush  |3 (RuTPU)RU\TPU\col\6086 
801 0 |a RU  |b RuMRKP  |c 19950704  |g psbo 
801 1 |a RU  |b 63413507  |c 20140131 
801 2 |a RU  |b 63413507  |c 20140718  |g RCR 
942 |c BK